| 000 | 00999cam a22003257a 4500 | ||
|---|---|---|---|
| 003 | CHAP | ||
| 005 | 20220817043144.0 | ||
| 008 | 971013s1985 r 00010 d | ||
| 010 | _a66952 | ||
| 011 | _a67924 | ||
| 035 | _a77396 | ||
| 040 | _cCHAP | ||
| 082 |
_a639.2 _bF3 v.264 |
||
| 110 | 2 | _aFAO | |
| 245 | 1 | 0 |
_aCommunity fishery centres _b: guidelines for establishment and operation _c/by M. Ben-Yami and A. M. Anderson |
| 260 |
_aRome : _bFAO, _c1985. |
||
| 300 | _a94 p. | ||
| 410 | 2 | 1 | _aFAO |
| 490 | 0 |
_aDocumento técnico de pesca _v; 164 |
|
| 590 |
_aBATCH-UPD _b10 _c20130110 _lUCH01 _h1906 |
||
| 590 |
_aBATCH-UPD _b10 _c20130410 _lUCH01 _h1234 |
||
| 590 |
_aBATCH-UPD _b10 _c20130914 _lUCH01 _h1213 |
||
| 590 |
_aCONVERSION _b10 _c20130109 _lUCH01 _h1337 |
||
| 650 | 1 | 4 |
_aPesca cooperativa. _987435 |
| 810 | 0 | _aFAO | |
| 830 | 0 | 0 |
_aDocumento técnico de pesca _v; 164 _933242 |
| 901 | _aBK | ||
| 942 | _cLIBRO | ||
| 949 |
_a639.2 F3 v.264 _bBC _cFAO _d33724000694352 _eFAO1 _h67938 _i77396 _st |
||
| 999 |
_c66952 _d66952 |
||